000 00340nam a22001217a 4500
008 230623b xxu||||| |||| 00| 0 eng d
082 _a330
_bJEI 1995
245 _aJei Journal of Economic Issues
260 _bJournal of Economic Issues-Association for Evolutionary Economics
_c1995
300 _a1271p
440 _n4
_vXXX
942 _2ddc
_cBK
999 _c2428
_d2428